An outline of Piaget's developmental psychology for students and teachers
שמור ב:
| מחבר ראשי: | |
|---|---|
| פורמט: | ספר |
| שפה: | אנגלית |
| יצא לאור: |
Londres
Routledge & Kegan Paul
1969
|
| סדרה: | Students Library of Education
|
| נושאים: | |
| תגים: |
הוספת תג
אין תגיות, היה/י הראשונ/ה לתייג את הרשומה!
|
MARC
| LEADER | 00000nam a2200000 a 4500 | ||
|---|---|---|---|
| 001 | UCQ5468 | ||
| 003 | CL-VaPUC | ||
| 008 | 980925e19690000UK |||||||||||||||||eng|d | ||
| 082 | 0 | 4 | |a 155.4 |b BEA |2 21 |
| 100 | 0 | |a Beard, Ruth M |e author |9 419573 | |
| 245 | 1 | 3 | |a An outline of Piaget's developmental psychology for students and teachers |
| 300 | |a 128 p | ||
| 942 | |c BK | ||
| 945 | |d 19980925 00:00:00 |a lriquelm | ||
| 260 | |a Londres |b Routledge & Kegan Paul |c 1969 | ||
| 600 | 0 | 7 | |a PIAGET, JEAN |2 CL-VaPUC |9 308149 |
| 650 | 0 | |a Psicología del niño |9 307305 | |
| 650 | 0 | |a Psicología del desarrollo |9 307541 | |
| 583 | |a last modification |c 19980925 00:00:00 |k Rodrigo Vera | ||
| 490 | 0 | |a Students Library of Education | |
| 999 | |c 275679 |d 275677 | ||
| 952 | |0 0 |1 0 |4 0 |6 155_400000000000000_BEA_1969 |7 0 |8 A |9 312481 |a FDOPOS |b FDOPOS |d 2019-11-20 |i 1471503 |o 155.4 BEA 1969 |p 1471503 |r 2025-01-22 |w 2019-11-20 |y BK |k MLA | ||